000 00822nam a22002177a 4500
999 _c11847
_d11847
003 AR-CdUCM
008 190405b ||||| |||| 00| 0 spa d
040 _aMUNICIPALIDAD PROVINCIAL DEL CUSCO
_cBIBLIOTECA MUNICIPAL DEL CUSCO
082 _28ed.
_a863.63 /
_bP17 / 1899
100 _aPatxot, Fernando
_929412
245 _aLas ruinas de mi convento /
260 _aBarcelona :
_bTipolitografía de Luis Tasso,
_c1899.
300 _a516 páginas ;
_bIlustraciones,
_c22 cm.
500 _aDedicatoria
505 _aContenido: Mi patria, mis padres , el mar -- Mi claustro -- Como tome el habito y fui recibida -- Los cadáveres -- Historia de sor Maria ...
650 _avida religiosa
_929413
650 _aAmbiente religioso
_929414
650 _aProvidencia
_929415
942 _2ddc
_cLIBROS
945 _aacv
_d05/04/2019